| 000 | 00541nam a2200193Ia 4500 | ||
|---|---|---|---|
| 008 | 130807t2011 xxu||||| |||| 00| 0 sin d | ||
| 041 | _asin | ||
| 080 |
_a8-31 (America) _bGIL |
||
| 100 | _aGilman,George G. | ||
| 245 | _aතිරිසනා | ||
| 246 | _aTirisana | ||
| 260 |
_aHeladiwa _aWarakapola _c2011 |
||
| 300 | _b128p, 21 cm | ||
| 500 | _aSinhalese translation of George G. Gilman's of Edge : Killer's Breed | ||
| 700 |
_aDisanayaka,Sujeewa _etr. |
||
| 942 | _cBK | ||
| 999 |
_c42428 _d42428 |
||
| 003 | LK-CoDNM | ||
| 040 |
_aLK-CoDNM _dLK-CoDNM _eLK-CoDNM |
||